NF The Search Tracks - Statistics

General Stats
  • This quiz has been taken 62 times
  • The average score is 13 of 19
Answer Stats
Tracks % Correct
The Search
100%
When I Grow Up
83%
Leave Me Alone
80%
Change
74%
Nate
74%
Time
74%
Hate Myself
72%
My Stress
72%
Trauma
72%
Only
67%
Options
67%
Why
67%
I Miss The Days
65%
Returns
63%
Interlude
59%
No Excuses
57%
Thinking
57%
Like This
54%
Let Me Go
52%
No matching quizzes found
Score Distribution
Percent of People with Each Score
Percentile by Number Answered
Your Score History
You have not taken this quiz